000 00573nam a22001937a 4500
999 _c171699
_d171699
005 20200210124716.0
010 _aENG-127447
020 _a9789386473691
_c495.00
035 _aEN-110979
037 _bDBAD/PUB
082 _a303.6095411
100 _aBashir Assad
245 _aK file:
_cNagendra Nath Pradhan
_bthe conspiracy of silence/
246 _aA brave book on kashmir
260 _aNew Delhi
_bVitasta
_c2019
270 _a2/15,Ansari Road,Daryaganj
_e110002
_bNew Delhi
300 _a237p.
_c22cm(pbk)
942 _2ddc
_cEN
_h303.6095411
_mBAS